Statistics for Kolkata Trivia

Click here to take the quiz!

General Stats

  • This quiz has been taken 34 times
    (22 since last reset)
  • The average score is 8 of 13

Answer Stats

ClueAnswer% Correct
It was the world's largest cricket stadium before it was downsizedEden Gardens
95%
Twin city on the opposite side of GangesHowrah
95%
When it was moved toNew Delhi
86%
It's International Airport is named afterNetaji Subash Chandra Bose
82%
Biggest festival also known as Carnival of the EastDurga Puja
73%
A form of public transportation system started in 1984 becoming the first of its kind in India and the whole of South AsiaMetro Railway
68%
A 1.5 km long Street in Central Kolkata which house Many Book Stores and Educational InstitutesCollege Street
59%
Often credited to be the founder of this cityJob Charnock
55%
A traditional Potter's quarter in Northern KolkataKumartuli
50%
It was the capital of India till1911
41%
A satellite township of Kolkata which shares it's name with the Capital of a state in the USSalt lake
36%
The oldest operating Transportation system in Asia of this kindElectric {Trams}
32%
A Cable Stayed bridge connecting the city with Howrah spanning the Hugli RiverVidyasagar Bridge
27%

Score Distribution

Percentile by Number Answered

Percent of People with Each Score

Your Score History

You have not taken this quiz since the last reset